<?xml version="1.0" encoding="UTF-8"?>
<collection xmlns="http://www.loc.gov/MARC21/slim">
 <record>
  <leader>15676nai a22018497i 4500</leader>
  <controlfield tag="001">000696489</controlfield>
  <controlfield tag="003">CZ-PrVSE</controlfield>
  <controlfield tag="005">20260327112351.0</controlfield>
  <controlfield tag="007">ta</controlfield>
  <controlfield tag="008">020429c19969999xr ar-p r f   0   b0cze d</controlfield>
  <datafield tag="015" ind1=" " ind2=" ">
   <subfield code="a">cnb001181290</subfield>
  </datafield>
  <datafield tag="035" ind1=" " ind2=" ">
   <subfield code="a">(OCoLC)36508627</subfield>
  </datafield>
  <datafield tag="040" ind1=" " ind2=" ">
   <subfield code="a">ABA001</subfield>
   <subfield code="b">cze</subfield>
   <subfield code="c">ABA006</subfield>
   <subfield code="d">OLA001</subfield>
   <subfield code="e">rda</subfield>
   <subfield code="d">ABA006</subfield>
  </datafield>
  <datafield tag="072" ind1=" " ind2="7">
   <subfield code="a">657</subfield>
   <subfield code="x">Účetnictví</subfield>
   <subfield code="2">Konspekt</subfield>
   <subfield code="9">4</subfield>
  </datafield>
  <datafield tag="072" ind1=" " ind2="9">
   <subfield code="a">657</subfield>
   <subfield code="x">Accounting</subfield>
   <subfield code="2">Conspectus</subfield>
   <subfield code="9">4</subfield>
  </datafield>
  <datafield tag="080" ind1=" " ind2=" ">
   <subfield code="a">657</subfield>
   <subfield code="2">MRF_2014</subfield>
  </datafield>
  <datafield tag="080" ind1=" " ind2=" ">
   <subfield code="a">351.72</subfield>
   <subfield code="2">MRF_2014</subfield>
  </datafield>
  <datafield tag="080" ind1=" " ind2=" ">
   <subfield code="a">336.226.1</subfield>
   <subfield code="2">MRF_2003</subfield>
  </datafield>
  <datafield tag="080" ind1=" " ind2=" ">
   <subfield code="a">331.2</subfield>
   <subfield code="2">MRF_2003</subfield>
  </datafield>
  <datafield tag="080" ind1=" " ind2=" ">
   <subfield code="a">349.2</subfield>
   <subfield code="2">MRF_2014</subfield>
  </datafield>
  <datafield tag="080" ind1=" " ind2=" ">
   <subfield code="a">331.215.54</subfield>
   <subfield code="2">MRF_2003</subfield>
  </datafield>
  <datafield tag="080" ind1=" " ind2=" ">
   <subfield code="a">364</subfield>
   <subfield code="2">MRF_2003</subfield>
  </datafield>
  <datafield tag="080" ind1=" " ind2=" ">
   <subfield code="a">(437.3)</subfield>
   <subfield code="2">MRF_2003</subfield>
  </datafield>
  <datafield tag="080" ind1=" " ind2=" ">
   <subfield code="a">(035)</subfield>
   <subfield code="2">MRF_2003</subfield>
  </datafield>
  <datafield tag="099" ind1=" " ind2="9">
   <subfield code="a">657ŠUB</subfield>
  </datafield>
  <datafield tag="100" ind1="1" ind2=" ">
   <subfield code="a">Šubrt, Bořivoj,</subfield>
   <subfield code="d">1948-2023</subfield>
   <subfield code="7">jn19990209898</subfield>
   <subfield code="4">aut</subfield>
  </datafield>
  <datafield tag="245" ind1="1" ind2="0">
   <subfield code="a">Abeceda mzdové účetní ... /</subfield>
   <subfield code="c">Bořivoj Šubrt, Eva Svěrčinová, Věra Příhodová, Alena Skoumalová, Antonín Daněk, Michal Ztratil, Helena Přikrylová, Lada Šupčíková, Jana Dorčáková, Martin Mikyska</subfield>
  </datafield>
  <datafield tag="264" ind1=" " ind2="1">
   <subfield code="a">Olomouc :</subfield>
   <subfield code="b">ANAG,</subfield>
   <subfield code="c">[1996]-</subfield>
  </datafield>
  <datafield tag="300" ind1=" " ind2=" ">
   <subfield code="a">   svazků :</subfield>
   <subfield code="b">formuláře</subfield>
  </datafield>
  <datafield tag="310" ind1=" " ind2=" ">
   <subfield code="a">1x ročně</subfield>
  </datafield>
  <datafield tag="336" ind1=" " ind2=" ">
   <subfield code="a">text</subfield>
   <subfield code="b">txt</subfield>
   <subfield code="2">rdacontent</subfield>
  </datafield>
  <datafield tag="337" ind1=" " ind2=" ">
   <subfield code="a">bez média</subfield>
   <subfield code="b">n</subfield>
   <subfield code="2">rdamedia</subfield>
  </datafield>
  <datafield tag="338" ind1=" " ind2=" ">
   <subfield code="a">svazek</subfield>
   <subfield code="b">nc</subfield>
   <subfield code="2">rdacarrier</subfield>
  </datafield>
  <datafield tag="490" ind1="1" ind2=" ">
   <subfield code="a">Práce, mzdy, pojištění</subfield>
  </datafield>
  <datafield tag="500" ind1=" " ind2=" ">
   <subfield code="a">Součástí názvu je označení běžného roku</subfield>
  </datafield>
  <datafield tag="500" ind1=" " ind2=" ">
   <subfield code="a">V edici Práce, mzdy, pojištění vychází od 10. vydání</subfield>
  </datafield>
  <datafield tag="500" ind1=" " ind2=" ">
   <subfield code="a">Do 26. vydání spoluautorka Růžena Šimčíková, do 29. vydání spoluautorka Zdenka Krajčíková, do 30. vydání spoluatorka Dana Lukešová, do 32. vydání spoluautorka Zdeňka Leiblová, do 34. vydání spoluautor Michal Vrajík</subfield>
  </datafield>
  <datafield tag="500" ind1=" " ind2=" ">
   <subfield code="a">V roce 1998 vydáno 3x, v roce 2004 vydáno 2x</subfield>
  </datafield>
  <datafield tag="500" ind1=" " ind2=" ">
   <subfield code="a">Jednotlivé svazky mají ISBN</subfield>
  </datafield>
  <datafield tag="500" ind1=" " ind2=" ">
   <subfield code="a">Bořivoj Šubrt není spoluautorem 34. aktualizovaného vydání</subfield>
  </datafield>
  <datafield tag="588" ind1=" " ind2=" ">
   <subfield code="a">Popsáno podle: 2. doplněné vydání (1996) včetně 36. aktualizovaného vydání (2026)</subfield>
   <subfield code="5">CZ-PrVSE</subfield>
  </datafield>
  <datafield tag="650" ind1="0" ind2="7">
   <subfield code="a">účetnictví</subfield>
   <subfield code="7">ph116911</subfield>
   <subfield code="2">czenas</subfield>
  </datafield>
  <datafield tag="650" ind1="0" ind2="7">
   <subfield code="a">daně z příjmů</subfield>
   <subfield code="7">ph117180</subfield>
   <subfield code="2">czenas</subfield>
  </datafield>
  <datafield tag="650" ind1="0" ind2="7">
   <subfield code="a">mzdové účetnictví</subfield>
   <subfield code="7">ph123086</subfield>
   <subfield code="2">czenas</subfield>
  </datafield>
  <datafield tag="650" ind1="0" ind2="7">
   <subfield code="a">mzdy</subfield>
   <subfield code="7">ph123087</subfield>
   <subfield code="2">czenas</subfield>
  </datafield>
  <datafield tag="650" ind1="0" ind2="7">
   <subfield code="a">pracovní právo</subfield>
   <subfield code="7">ph115872</subfield>
   <subfield code="2">czenas</subfield>
  </datafield>
  <datafield tag="650" ind1="0" ind2="7">
   <subfield code="a">průměrné mzdy</subfield>
   <subfield code="7">ph237438</subfield>
   <subfield code="2">czenas</subfield>
  </datafield>
  <datafield tag="650" ind1="0" ind2="7">
   <subfield code="a">sociální zabezpečení</subfield>
   <subfield code="7">ph116215</subfield>
   <subfield code="2">czenas</subfield>
  </datafield>
  <datafield tag="651" ind1=" " ind2="7">
   <subfield code="a">Česko</subfield>
   <subfield code="7">ge128065</subfield>
   <subfield code="2">czenas</subfield>
  </datafield>
  <datafield tag="655" ind1=" " ind2="7">
   <subfield code="a">příručky</subfield>
   <subfield code="7">fd133209</subfield>
   <subfield code="2">czenas</subfield>
  </datafield>
  <datafield tag="650" ind1="0" ind2="9">
   <subfield code="a">accounting</subfield>
   <subfield code="2">eczenas</subfield>
  </datafield>
  <datafield tag="650" ind1="0" ind2="9">
   <subfield code="a">income tax</subfield>
   <subfield code="2">eczenas</subfield>
  </datafield>
  <datafield tag="650" ind1="0" ind2="9">
   <subfield code="a">payroll accounting</subfield>
   <subfield code="2">eczenas</subfield>
  </datafield>
  <datafield tag="650" ind1="0" ind2="9">
   <subfield code="a">wages</subfield>
   <subfield code="2">eczenas</subfield>
  </datafield>
  <datafield tag="650" ind1="0" ind2="9">
   <subfield code="a">labor laws and legislation</subfield>
   <subfield code="2">eczenas</subfield>
  </datafield>
  <datafield tag="650" ind1="0" ind2="9">
   <subfield code="a">average wages</subfield>
   <subfield code="2">eczenas</subfield>
  </datafield>
  <datafield tag="650" ind1="0" ind2="9">
   <subfield code="a">social security</subfield>
   <subfield code="2">eczenas</subfield>
  </datafield>
  <datafield tag="651" ind1=" " ind2="9">
   <subfield code="a">Czechia</subfield>
   <subfield code="2">eczenas</subfield>
  </datafield>
  <datafield tag="655" ind1=" " ind2="9">
   <subfield code="a">handbooks and manuals</subfield>
   <subfield code="2">eczenas</subfield>
  </datafield>
  <datafield tag="700" ind1="1" ind2=" ">
   <subfield code="a">Svěrčinová, Eva</subfield>
   <subfield code="7">ola2016902668</subfield>
   <subfield code="4">aut</subfield>
  </datafield>
  <datafield tag="700" ind1="1" ind2=" ">
   <subfield code="a">Leiblová, Zdeňka</subfield>
   <subfield code="7">mzk2003180499</subfield>
   <subfield code="4">aut</subfield>
  </datafield>
  <datafield tag="700" ind1="1" ind2=" ">
   <subfield code="a">Příhodová, Věra</subfield>
   <subfield code="7">hka2017941378</subfield>
   <subfield code="4">aut</subfield>
  </datafield>
  <datafield tag="700" ind1="1" ind2=" ">
   <subfield code="a">Skoumalová, Alena</subfield>
   <subfield code="7">xx0222358</subfield>
   <subfield code="4">aut</subfield>
  </datafield>
  <datafield tag="700" ind1="1" ind2=" ">
   <subfield code="a">Daněk, Antonín,</subfield>
   <subfield code="d">1960-</subfield>
   <subfield code="7">mzk2004228257</subfield>
   <subfield code="4">aut</subfield>
  </datafield>
  <datafield tag="700" ind1="1" ind2=" ">
   <subfield code="a">Přikrylová, Helena</subfield>
   <subfield code="7">hka2017941376</subfield>
   <subfield code="4">aut</subfield>
  </datafield>
  <datafield tag="700" ind1="1" ind2=" ">
   <subfield code="a">Šimčíková, Růžena</subfield>
   <subfield code="4">aut</subfield>
  </datafield>
  <datafield tag="700" ind1="1" ind2=" ">
   <subfield code="a">Lukešová, Dana</subfield>
   <subfield code="7">hka2017941374</subfield>
   <subfield code="4">aut</subfield>
  </datafield>
  <datafield tag="700" ind1="1" ind2=" ">
   <subfield code="a">Dorčáková, Jana</subfield>
   <subfield code="7">pna2007383953</subfield>
   <subfield code="4">aut</subfield>
  </datafield>
  <datafield tag="700" ind1="1" ind2=" ">
   <subfield code="a">Mikyska, Martin</subfield>
   <subfield code="7">vse2005278908</subfield>
   <subfield code="4">aut</subfield>
  </datafield>
  <datafield tag="700" ind1="1" ind2=" ">
   <subfield code="a">Krajčíková, Zdenka</subfield>
   <subfield code="7">hka2017941369</subfield>
   <subfield code="4">aut</subfield>
  </datafield>
  <datafield tag="700" ind1="1" ind2=" ">
   <subfield code="a">Ztratil, Michal</subfield>
   <subfield code="7">ola20201065691</subfield>
   <subfield code="4">aut</subfield>
  </datafield>
  <datafield tag="700" ind1="1" ind2=" ">
   <subfield code="a">Šupčíková, Lada</subfield>
   <subfield code="7">ola20211105246</subfield>
   <subfield code="4">aut</subfield>
  </datafield>
  <datafield tag="700" ind1="1" ind2=" ">
   <subfield code="a">Vrajík, Michal,</subfield>
   <subfield code="d">1986-</subfield>
   <subfield code="7">jcu2013741367</subfield>
   <subfield code="4">aut</subfield>
  </datafield>
  <datafield tag="710" ind1="2" ind2=" ">
   <subfield code="a">ANAG (firma)</subfield>
   <subfield code="7">olak20261289825</subfield>
   <subfield code="4">pbl</subfield>
  </datafield>
  <datafield tag="830" ind1=" " ind2="0">
   <subfield code="a">Práce, mzdy, pojištění</subfield>
  </datafield>
  <datafield tag="993" ind1=" " ind2=" ">
   <subfield code="a">002529758</subfield>
  </datafield>
  <datafield tag="902" ind1=" " ind2=" ">
   <subfield code="a">80-85646-34-X</subfield>
   <subfield code="q">(2. vyd., 1996 ;</subfield>
   <subfield code="q">brožováno)</subfield>
  </datafield>
  <datafield tag="902" ind1=" " ind2=" ">
   <subfield code="a">80-7263-075-X</subfield>
   <subfield code="q">(10. vyd., 2001 ;</subfield>
   <subfield code="q">kroužková vazba)</subfield>
  </datafield>
  <datafield tag="902" ind1=" " ind2=" ">
   <subfield code="a">80-7263-111-X</subfield>
   <subfield code="q">(11. vyd., 2002 ;</subfield>
   <subfield code="q">kroužková vazba)</subfield>
  </datafield>
  <datafield tag="902" ind1=" " ind2=" ">
   <subfield code="a">80-7263-157-8</subfield>
   <subfield code="q">(12. vyd., 2003 ;</subfield>
   <subfield code="q">kroužková vazba)</subfield>
  </datafield>
  <datafield tag="902" ind1=" " ind2=" ">
   <subfield code="a">80-7263-252-3</subfield>
   <subfield code="q">(15. vyd., 2005 ;</subfield>
   <subfield code="q">kroužková vazba)</subfield>
  </datafield>
  <datafield tag="902" ind1=" " ind2=" ">
   <subfield code="a">80-7263-319-8</subfield>
   <subfield code="q">(16. vyd., 2006 ;</subfield>
   <subfield code="q">kroužková vazba)</subfield>
  </datafield>
  <datafield tag="902" ind1=" " ind2=" ">
   <subfield code="a">978-80-7263-373-9</subfield>
   <subfield code="q">(17. vyd., 2007 ;</subfield>
   <subfield code="q">kroužková vazba)</subfield>
  </datafield>
  <datafield tag="902" ind1=" " ind2=" ">
   <subfield code="a">978-80-7263-497-2</subfield>
   <subfield code="q">(19. vyd., 2009 ;</subfield>
   <subfield code="q">kroužková vazba)</subfield>
  </datafield>
  <datafield tag="902" ind1=" " ind2=" ">
   <subfield code="a">978-80-7263-574-0</subfield>
   <subfield code="q">(20. vyd., 2010 ;</subfield>
   <subfield code="q">kroužková vazba)</subfield>
  </datafield>
  <datafield tag="902" ind1=" " ind2=" ">
   <subfield code="a">978-80-7263-635-8</subfield>
   <subfield code="q">(21. vyd., 2011 ;</subfield>
   <subfield code="q">kroužková vazba)</subfield>
  </datafield>
  <datafield tag="902" ind1=" " ind2=" ">
   <subfield code="a">978-80-7263-716-4</subfield>
   <subfield code="q">(22. vyd., 2012 ;</subfield>
   <subfield code="q">kroužková vazba)</subfield>
  </datafield>
  <datafield tag="902" ind1=" " ind2=" ">
   <subfield code="a">978-80-7263-800-0</subfield>
   <subfield code="q">(23. vyd., 2013 ;</subfield>
   <subfield code="q">kroužková vazba)</subfield>
  </datafield>
  <datafield tag="902" ind1=" " ind2=" ">
   <subfield code="a">978-80-7263-851-2</subfield>
   <subfield code="q">(24. vyd., 2014 ;</subfield>
   <subfield code="q">kroužková vazba)</subfield>
  </datafield>
  <datafield tag="902" ind1=" " ind2=" ">
   <subfield code="a">978-80-7263-922-9</subfield>
   <subfield code="q">(25. vyd., 2015 ;</subfield>
   <subfield code="q">kroužková vazba)</subfield>
  </datafield>
  <datafield tag="902" ind1=" " ind2=" ">
   <subfield code="a">978-80-7263-990-8</subfield>
   <subfield code="q">(26. vyd., 2016 ;</subfield>
   <subfield code="q">kroužková vazba)</subfield>
  </datafield>
  <datafield tag="902" ind1=" " ind2=" ">
   <subfield code="a">978-80-7554-062-1</subfield>
   <subfield code="q">(27. vyd., 2017 ;</subfield>
   <subfield code="q">kroužková vazba)</subfield>
  </datafield>
  <datafield tag="902" ind1=" " ind2=" ">
   <subfield code="a">978-80-7554-117-8</subfield>
   <subfield code="q">(28. vyd., 2018 ;</subfield>
   <subfield code="q">kroužková vazba)</subfield>
  </datafield>
  <datafield tag="902" ind1=" " ind2=" ">
   <subfield code="a">978-80-7554-189-5</subfield>
   <subfield code="q">(29. vyd., 2019 ;</subfield>
   <subfield code="q">kroužková vazba)</subfield>
  </datafield>
  <datafield tag="902" ind1=" " ind2=" ">
   <subfield code="a">978-80-7554-253-3</subfield>
   <subfield code="q">(30. vyd., 2020 ;</subfield>
   <subfield code="q">kroužková vazba)</subfield>
  </datafield>
  <datafield tag="902" ind1=" " ind2=" ">
   <subfield code="a">978-80-7554-305-9</subfield>
   <subfield code="q">(31. vyd., 2021 ;</subfield>
   <subfield code="q">kroužková vazba)</subfield>
  </datafield>
  <datafield tag="902" ind1=" " ind2=" ">
   <subfield code="a">978-80-7554-349-3</subfield>
   <subfield code="q">(32. vyd., 2022 ;</subfield>
   <subfield code="q">kroužková vazba)</subfield>
  </datafield>
  <datafield tag="902" ind1=" " ind2=" ">
   <subfield code="a">978-80-7554-380-6</subfield>
   <subfield code="q">(33. vyd., 2023 ;</subfield>
   <subfield code="q">kroužková vazba)</subfield>
  </datafield>
  <datafield tag="902" ind1=" " ind2=" ">
   <subfield code="a">978-80-7554-404-9</subfield>
   <subfield code="q">(34. vydání, 2024 ;</subfield>
   <subfield code="q">brožováno)</subfield>
  </datafield>
  <datafield tag="902" ind1=" " ind2=" ">
   <subfield code="a">978-80-7554-415-5</subfield>
   <subfield code="q">(35. vydání, 2025 ;</subfield>
   <subfield code="q">kroužková vazba)</subfield>
  </datafield>
  <datafield tag="902" ind1=" " ind2=" ">
   <subfield code="a">978-80-7554-433-9</subfield>
   <subfield code="q">(36. vydání, 2026 ;</subfield>
   <subfield code="q">kroužková vazba)</subfield>
  </datafield>
  <datafield tag="910" ind1=" " ind2=" ">
   <subfield code="a">ABA006</subfield>
   <subfield code="s">1996, 2001, 2002, 2003, 2005, 2006, 2007, 2009, 2010, 2011, 2012, 2013, 2014, 2015, 2016, 2017, 2018, 2019, 2020, 2021, 2022, 2023, 2024, 2025, 2026</subfield>
   <subfield code="t">n</subfield>
  </datafield>
  <datafield tag="996" ind1=" " ind2=" ">
   <subfield code="1">HPUVV</subfield>
   <subfield code="3">A 11531-V1</subfield>
   <subfield code="4">N:P</subfield>
   <subfield code="5">4202139251</subfield>
   <subfield code="7">25. vyd., 2015</subfield>
   <subfield code="8">20150206</subfield>
   <subfield code="9">657ŠUB</subfield>
   <subfield code="a">2015</subfield>
   <subfield code="b">2015</subfield>
   <subfield code="f">81</subfield>
   <subfield code="h">25. vyd., 2015</subfield>
   <subfield code="l">UEP01</subfield>
   <subfield code="m">BOOK</subfield>
   <subfield code="q">Knihovna FM JH volný výběr</subfield>
   <subfield code="t">na 1 měsíc</subfield>
   <subfield code="u">UEP01</subfield>
  </datafield>
  <datafield tag="996" ind1=" " ind2=" ">
   <subfield code="1">HPUVV</subfield>
   <subfield code="3">A 11981-V1</subfield>
   <subfield code="4">N:P</subfield>
   <subfield code="5">4202140308</subfield>
   <subfield code="7">26. vyd., 2016</subfield>
   <subfield code="8">20160218</subfield>
   <subfield code="9">657ŠUB</subfield>
   <subfield code="a">2016</subfield>
   <subfield code="b">2016</subfield>
   <subfield code="f">81</subfield>
   <subfield code="h">26. vyd., 2016</subfield>
   <subfield code="l">UEP01</subfield>
   <subfield code="m">BOOK</subfield>
   <subfield code="q">Knihovna FM JH volný výběr</subfield>
   <subfield code="t">na 1 měsíc</subfield>
   <subfield code="u">UEP01</subfield>
  </datafield>
  <datafield tag="996" ind1=" " ind2=" ">
   <subfield code="1">HPUVV</subfield>
   <subfield code="3">A 12432-V1</subfield>
   <subfield code="5">4202141302</subfield>
   <subfield code="7">27. vyd., 2017</subfield>
   <subfield code="8">20170214</subfield>
   <subfield code="9">657ŠUB</subfield>
   <subfield code="a">2017</subfield>
   <subfield code="b">2017</subfield>
   <subfield code="f">81</subfield>
   <subfield code="h">27. vyd., 2017</subfield>
   <subfield code="l">UEP01</subfield>
   <subfield code="m">BOOK</subfield>
   <subfield code="q">Knihovna FM JH volný výběr</subfield>
   <subfield code="s">N:P</subfield>
   <subfield code="t">na 1 měsíc</subfield>
   <subfield code="u">UEP01</subfield>
  </datafield>
  <datafield tag="996" ind1=" " ind2=" ">
   <subfield code="1">HPUVV</subfield>
   <subfield code="3">A 13044-V1</subfield>
   <subfield code="4">N:P</subfield>
   <subfield code="5">4202142430</subfield>
   <subfield code="7">28. vyd., 2018</subfield>
   <subfield code="8">20180412</subfield>
   <subfield code="9">657ŠUB</subfield>
   <subfield code="a">2018</subfield>
   <subfield code="b">2018</subfield>
   <subfield code="f">81</subfield>
   <subfield code="g">365</subfield>
   <subfield code="h">28. vyd., 2018</subfield>
   <subfield code="l">UEP01</subfield>
   <subfield code="m">BOOK</subfield>
   <subfield code="q">Knihovna FM JH volný výběr</subfield>
   <subfield code="t">na 1 měsíc</subfield>
   <subfield code="u">UEP01</subfield>
  </datafield>
  <datafield tag="996" ind1=" " ind2=" ">
   <subfield code="1">HPUVV</subfield>
   <subfield code="3">A 13836-V1</subfield>
   <subfield code="4">N:P</subfield>
   <subfield code="5">4202144514</subfield>
   <subfield code="7">30. vyd., 2020</subfield>
   <subfield code="8">20200526</subfield>
   <subfield code="9">657ŠUB</subfield>
   <subfield code="a">2020</subfield>
   <subfield code="b">2020</subfield>
   <subfield code="f">81</subfield>
   <subfield code="g">998</subfield>
   <subfield code="h">30. vyd., 2020</subfield>
   <subfield code="l">UEP01</subfield>
   <subfield code="m">BOOK</subfield>
   <subfield code="q">Knihovna FM JH volný výběr</subfield>
   <subfield code="t">na 1 měsíc</subfield>
   <subfield code="u">UEP01</subfield>
  </datafield>
  <datafield tag="996" ind1=" " ind2=" ">
   <subfield code="1">HSKL1</subfield>
   <subfield code="3">A 10177-V1</subfield>
   <subfield code="4">N:P</subfield>
   <subfield code="5">4202136212</subfield>
   <subfield code="7">22. vyd., 2012</subfield>
   <subfield code="8">20120924</subfield>
   <subfield code="9">657ŠUB</subfield>
   <subfield code="a">2012</subfield>
   <subfield code="b">2012</subfield>
   <subfield code="f">81</subfield>
   <subfield code="h">22. vyd., 2012</subfield>
   <subfield code="l">UEP01</subfield>
   <subfield code="m">BOOK</subfield>
   <subfield code="q">Knihovna FM JH sklad I</subfield>
   <subfield code="t">na 1 měsíc</subfield>
   <subfield code="u">UEP01</subfield>
  </datafield>
  <datafield tag="996" ind1=" " ind2=" ">
   <subfield code="1">HSKL1</subfield>
   <subfield code="3">A 11113-V1</subfield>
   <subfield code="4">N:P</subfield>
   <subfield code="5">4202138378</subfield>
   <subfield code="7">24. vyd., 2014</subfield>
   <subfield code="8">20140326</subfield>
   <subfield code="9">657ŠUB</subfield>
   <subfield code="a">2014</subfield>
   <subfield code="b">2014</subfield>
   <subfield code="f">81</subfield>
   <subfield code="h">24. vyd., 2014</subfield>
   <subfield code="l">UEP01</subfield>
   <subfield code="m">BOOK</subfield>
   <subfield code="q">Knihovna FM JH sklad I</subfield>
   <subfield code="t">na 1 měsíc</subfield>
   <subfield code="u">UEP01</subfield>
  </datafield>
  <datafield tag="996" ind1=" " ind2=" ">
   <subfield code="1">HSKL1</subfield>
   <subfield code="3">A 2093-V1</subfield>
   <subfield code="5">4202109883</subfield>
   <subfield code="7">2. vyd., 1996</subfield>
   <subfield code="8">20030827</subfield>
   <subfield code="9">657.1ABE</subfield>
   <subfield code="a">1996</subfield>
   <subfield code="b">1996</subfield>
   <subfield code="f">81</subfield>
   <subfield code="h">2. vyd., 1996</subfield>
   <subfield code="l">UEP01</subfield>
   <subfield code="m">BOOK</subfield>
   <subfield code="q">Knihovna FM JH sklad I</subfield>
   <subfield code="t">na 1 měsíc</subfield>
   <subfield code="u">UEP01</subfield>
   <subfield code="w">20030827</subfield>
  </datafield>
  <datafield tag="996" ind1=" " ind2=" ">
   <subfield code="1">HSKL1</subfield>
   <subfield code="3">A 3070-V1</subfield>
   <subfield code="5">4202116474</subfield>
   <subfield code="7">10. vyd., 2001</subfield>
   <subfield code="8">20030827</subfield>
   <subfield code="9">657ABE</subfield>
   <subfield code="a">2001</subfield>
   <subfield code="b">2001</subfield>
   <subfield code="f">81</subfield>
   <subfield code="h">10. vyd., 2001</subfield>
   <subfield code="l">UEP01</subfield>
   <subfield code="m">BOOK</subfield>
   <subfield code="q">Knihovna FM JH sklad I</subfield>
   <subfield code="t">na 1 měsíc</subfield>
   <subfield code="u">UEP01</subfield>
   <subfield code="w">20030827</subfield>
  </datafield>
  <datafield tag="996" ind1=" " ind2=" ">
   <subfield code="1">HSKL1</subfield>
   <subfield code="3">A 5061-V1</subfield>
   <subfield code="4">N:P</subfield>
   <subfield code="5">4202122777</subfield>
   <subfield code="7">15. vyd., 2005</subfield>
   <subfield code="8">20050209</subfield>
   <subfield code="9">657ABE</subfield>
   <subfield code="a">2005</subfield>
   <subfield code="b">2005</subfield>
   <subfield code="f">81</subfield>
   <subfield code="h">15. vyd., 2005</subfield>
   <subfield code="l">UEP01</subfield>
   <subfield code="m">BOOK</subfield>
   <subfield code="q">Knihovna FM JH sklad I</subfield>
   <subfield code="t">na 1 měsíc</subfield>
   <subfield code="u">UEP01</subfield>
   <subfield code="w">20050209</subfield>
  </datafield>
  <datafield tag="996" ind1=" " ind2=" ">
   <subfield code="1">HSKL1</subfield>
   <subfield code="3">A 5660-V1</subfield>
   <subfield code="4">N:P</subfield>
   <subfield code="5">4202124239</subfield>
   <subfield code="7">16. vyd., 2006</subfield>
   <subfield code="8">20060301</subfield>
   <subfield code="9">657ŠUB</subfield>
   <subfield code="a">2006</subfield>
   <subfield code="b">2006</subfield>
   <subfield code="f">81</subfield>
   <subfield code="h">16. vyd., 2006</subfield>
   <subfield code="l">UEP01</subfield>
   <subfield code="m">BOOK</subfield>
   <subfield code="q">Knihovna FM JH sklad I</subfield>
   <subfield code="t">na 1 měsíc</subfield>
   <subfield code="u">UEP01</subfield>
   <subfield code="w">20060301</subfield>
  </datafield>
  <datafield tag="996" ind1=" " ind2=" ">
   <subfield code="1">HSKL1</subfield>
   <subfield code="3">A 7964-V1</subfield>
   <subfield code="4">N:P</subfield>
   <subfield code="5">4202130266</subfield>
   <subfield code="7">19. vyd., 2009</subfield>
   <subfield code="8">20090528</subfield>
   <subfield code="9">657ŠUB</subfield>
   <subfield code="a">2009</subfield>
   <subfield code="b">2009</subfield>
   <subfield code="f">81</subfield>
   <subfield code="h">19. vyd., 2009</subfield>
   <subfield code="l">UEP01</subfield>
   <subfield code="m">BOOK</subfield>
   <subfield code="q">Knihovna FM JH sklad I</subfield>
   <subfield code="t">na 1 měsíc</subfield>
   <subfield code="u">UEP01</subfield>
  </datafield>
  <datafield tag="996" ind1=" " ind2=" ">
   <subfield code="1">HSKL1</subfield>
   <subfield code="3">A 7964-V2</subfield>
   <subfield code="5">4202130335</subfield>
   <subfield code="7">19. vyd., 2009</subfield>
   <subfield code="8">20090616</subfield>
   <subfield code="9">657ŠUB</subfield>
   <subfield code="a">2009</subfield>
   <subfield code="b">2009</subfield>
   <subfield code="f">81</subfield>
   <subfield code="h">19. vyd., 2009</subfield>
   <subfield code="l">UEP01</subfield>
   <subfield code="m">BOOK</subfield>
   <subfield code="q">Knihovna FM JH sklad I</subfield>
   <subfield code="t">na 1 měsíc</subfield>
   <subfield code="u">UEP01</subfield>
  </datafield>
  <datafield tag="996" ind1=" " ind2=" ">
   <subfield code="1">HSTU1</subfield>
   <subfield code="3">A 14485-V1</subfield>
   <subfield code="4">N:P</subfield>
   <subfield code="5">4202145677</subfield>
   <subfield code="7">32. vyd., 2022</subfield>
   <subfield code="8">20220330</subfield>
   <subfield code="9">657ŠUB</subfield>
   <subfield code="a">2022</subfield>
   <subfield code="b">2022</subfield>
   <subfield code="f">85</subfield>
   <subfield code="g">1725</subfield>
   <subfield code="h">32. vyd., 2022</subfield>
   <subfield code="l">UEP01</subfield>
   <subfield code="m">BOOK</subfield>
   <subfield code="q">Knihovna FM JH studovna I</subfield>
   <subfield code="t">prezenční</subfield>
   <subfield code="u">UEP01</subfield>
  </datafield>
  <datafield tag="996" ind1=" " ind2=" ">
   <subfield code="1">PDPZ2</subfield>
   <subfield code="3">F168986</subfield>
   <subfield code="5">3142022452</subfield>
   <subfield code="7">2. vyd., 1996</subfield>
   <subfield code="8">20030807</subfield>
   <subfield code="9">657.1ABE</subfield>
   <subfield code="a">1996</subfield>
   <subfield code="b">1996</subfield>
   <subfield code="f">81</subfield>
   <subfield code="h">2. vyd., 1996</subfield>
   <subfield code="l">UEP01</subfield>
   <subfield code="m">BOOK</subfield>
   <subfield code="q">Knihovna Žižkov depoz. 2</subfield>
   <subfield code="t">na 1 měsíc</subfield>
   <subfield code="u">UEP01</subfield>
   <subfield code="w">20050721</subfield>
  </datafield>
  <datafield tag="996" ind1=" " ind2=" ">
   <subfield code="1">PDPZ2</subfield>
   <subfield code="3">F184731</subfield>
   <subfield code="5">3142147431</subfield>
   <subfield code="7">11. vyd., 2002</subfield>
   <subfield code="8">20030807</subfield>
   <subfield code="9">657.1ABE</subfield>
   <subfield code="a">2002</subfield>
   <subfield code="b">2002</subfield>
   <subfield code="f">81</subfield>
   <subfield code="h">11. vyd., 2002</subfield>
   <subfield code="l">UEP01</subfield>
   <subfield code="m">BOOK</subfield>
   <subfield code="q">Knihovna Žižkov depoz. 2</subfield>
   <subfield code="t">na 1 měsíc</subfield>
   <subfield code="u">UEP01</subfield>
   <subfield code="w">20050621</subfield>
  </datafield>
  <datafield tag="996" ind1=" " ind2=" ">
   <subfield code="1">PDPZ2</subfield>
   <subfield code="3">F186863d</subfield>
   <subfield code="5">3142164249</subfield>
   <subfield code="7">12. vyd., 2003</subfield>
   <subfield code="8">20030807</subfield>
   <subfield code="9">657.1ABE</subfield>
   <subfield code="a">2003</subfield>
   <subfield code="b">2003</subfield>
   <subfield code="f">81</subfield>
   <subfield code="h">12. vyd., 2003</subfield>
   <subfield code="l">UEP01</subfield>
   <subfield code="m">BOOK</subfield>
   <subfield code="q">Knihovna Žižkov depoz. 2</subfield>
   <subfield code="t">na 1 měsíc</subfield>
   <subfield code="u">UEP01</subfield>
   <subfield code="w">20030918</subfield>
  </datafield>
  <datafield tag="996" ind1=" " ind2=" ">
   <subfield code="1">PJMHS</subfield>
   <subfield code="3">F234449c</subfield>
   <subfield code="4">N:P</subfield>
   <subfield code="5">3142360589</subfield>
   <subfield code="7">32. vyd., 2022</subfield>
   <subfield code="8">20220216</subfield>
   <subfield code="9">657ŠUB</subfield>
   <subfield code="a">2022</subfield>
   <subfield code="b">2022</subfield>
   <subfield code="f">81</subfield>
   <subfield code="g">57181</subfield>
   <subfield code="h">32. vyd., 2022</subfield>
   <subfield code="l">UEP01</subfield>
   <subfield code="m">BOOK</subfield>
   <subfield code="q">Studovna JM</subfield>
   <subfield code="t">na 1 měsíc</subfield>
   <subfield code="u">UEP01</subfield>
   <subfield code="w">20220829</subfield>
  </datafield>
  <datafield tag="996" ind1=" " ind2=" ">
   <subfield code="1">PJMSK</subfield>
   <subfield code="3">F191264c</subfield>
   <subfield code="4">N:P</subfield>
   <subfield code="5">3142188142</subfield>
   <subfield code="7">15. vyd., 2005</subfield>
   <subfield code="8">20050209</subfield>
   <subfield code="9">657ŠUB</subfield>
   <subfield code="a">2005</subfield>
   <subfield code="b">2005</subfield>
   <subfield code="f">81</subfield>
   <subfield code="g">4275</subfield>
   <subfield code="h">15. vyd., 2005</subfield>
   <subfield code="l">UEP01</subfield>
   <subfield code="m">BOOK</subfield>
   <subfield code="q">Knihovna JM - sklad</subfield>
   <subfield code="t">na 1 měsíc</subfield>
   <subfield code="u">UEP01</subfield>
   <subfield code="w">20050217</subfield>
  </datafield>
  <datafield tag="996" ind1=" " ind2=" ">
   <subfield code="1">PMPO</subfield>
   <subfield code="3">F200890</subfield>
   <subfield code="4">N:P</subfield>
   <subfield code="5">3142226147</subfield>
   <subfield code="7">19. vyd., 2009</subfield>
   <subfield code="8">20090121</subfield>
   <subfield code="9">657ŠUB</subfield>
   <subfield code="a">2009</subfield>
   <subfield code="b">2009</subfield>
   <subfield code="f">83</subfield>
   <subfield code="g">19153</subfield>
   <subfield code="h">19. vyd., 2009</subfield>
   <subfield code="l">UEP01</subfield>
   <subfield code="m">BOOK</subfield>
   <subfield code="p">MI</subfield>
   <subfield code="q">Mzdové a personál. odd.</subfield>
   <subfield code="t">na dislokovaném</subfield>
   <subfield code="u">UEP01</subfield>
   <subfield code="v">Ztráta</subfield>
   <subfield code="w">20090210</subfield>
  </datafield>
  <datafield tag="996" ind1=" " ind2=" ">
   <subfield code="1">PMPO</subfield>
   <subfield code="3">F200890a</subfield>
   <subfield code="4">N:P</subfield>
   <subfield code="5">3142226148</subfield>
   <subfield code="7">19. vyd., 2009</subfield>
   <subfield code="8">20090121</subfield>
   <subfield code="9">657ŠUB</subfield>
   <subfield code="a">2009</subfield>
   <subfield code="b">2009</subfield>
   <subfield code="f">83</subfield>
   <subfield code="g">19153</subfield>
   <subfield code="h">19. vyd., 2009</subfield>
   <subfield code="l">UEP01</subfield>
   <subfield code="m">BOOK</subfield>
   <subfield code="p">MI</subfield>
   <subfield code="q">Mzdové a personál. odd.</subfield>
   <subfield code="t">na dislokovaném</subfield>
   <subfield code="u">UEP01</subfield>
   <subfield code="v">Ztráta</subfield>
   <subfield code="w">20090210</subfield>
  </datafield>
  <datafield tag="996" ind1=" " ind2=" ">
   <subfield code="1">POSP</subfield>
   <subfield code="3">F196416</subfield>
   <subfield code="4">N:P</subfield>
   <subfield code="5">3142208538</subfield>
   <subfield code="7">17. vyd., 2007</subfield>
   <subfield code="8">20070222</subfield>
   <subfield code="9">657ŠUB</subfield>
   <subfield code="a">2007</subfield>
   <subfield code="b">2007</subfield>
   <subfield code="f">83</subfield>
   <subfield code="g">12166</subfield>
   <subfield code="h">17. vyd., 2007</subfield>
   <subfield code="l">UEP01</subfield>
   <subfield code="m">BOOK</subfield>
   <subfield code="p">MI</subfield>
   <subfield code="q">*OSP</subfield>
   <subfield code="t">na dislokovaném</subfield>
   <subfield code="u">UEP01</subfield>
   <subfield code="v">Ztráta</subfield>
   <subfield code="w">20070420</subfield>
  </datafield>
  <datafield tag="996" ind1=" " ind2=" ">
   <subfield code="1">POSP</subfield>
   <subfield code="3">F196416a</subfield>
   <subfield code="4">N:P</subfield>
   <subfield code="5">3142209331</subfield>
   <subfield code="7">17. vyd., 2007</subfield>
   <subfield code="8">20070319</subfield>
   <subfield code="9">657ŠUB</subfield>
   <subfield code="a">2007</subfield>
   <subfield code="b">2007</subfield>
   <subfield code="f">83</subfield>
   <subfield code="g">12333</subfield>
   <subfield code="h">17. vyd., 2007</subfield>
   <subfield code="l">UEP01</subfield>
   <subfield code="m">BOOK</subfield>
   <subfield code="p">MI</subfield>
   <subfield code="q">*OSP</subfield>
   <subfield code="t">na dislokovaném</subfield>
   <subfield code="u">UEP01</subfield>
   <subfield code="v">Ztráta</subfield>
   <subfield code="w">20070420</subfield>
  </datafield>
  <datafield tag="996" ind1=" " ind2=" ">
   <subfield code="1">PSKLA</subfield>
   <subfield code="3">F191264e</subfield>
   <subfield code="4">N:P</subfield>
   <subfield code="5">3142190078</subfield>
   <subfield code="7">15. vyd., 2005</subfield>
   <subfield code="8">20050428</subfield>
   <subfield code="9">657ŠUB</subfield>
   <subfield code="a">2005</subfield>
   <subfield code="b">2005</subfield>
   <subfield code="f">81</subfield>
   <subfield code="g">4871</subfield>
   <subfield code="h">15. vyd., 2005</subfield>
   <subfield code="l">UEP01</subfield>
   <subfield code="m">BOOK</subfield>
   <subfield code="q">Knihovna Žižkov - sklad</subfield>
   <subfield code="t">na 1 měsíc</subfield>
   <subfield code="u">UEP01</subfield>
   <subfield code="w">20050520</subfield>
  </datafield>
  <datafield tag="996" ind1=" " ind2=" ">
   <subfield code="1">PSKLA</subfield>
   <subfield code="3">F193912</subfield>
   <subfield code="4">N:P</subfield>
   <subfield code="5">3142198944</subfield>
   <subfield code="7">16. vyd., 2006</subfield>
   <subfield code="8">20060201</subfield>
   <subfield code="9">657ŠUB</subfield>
   <subfield code="a">2006</subfield>
   <subfield code="b">2006</subfield>
   <subfield code="f">81</subfield>
   <subfield code="g">7937</subfield>
   <subfield code="h">16. vyd., 2006</subfield>
   <subfield code="l">UEP01</subfield>
   <subfield code="m">BOOK</subfield>
   <subfield code="q">Knihovna Žižkov - sklad</subfield>
   <subfield code="t">na 1 měsíc</subfield>
   <subfield code="u">UEP01</subfield>
   <subfield code="w">20060216</subfield>
  </datafield>
  <datafield tag="996" ind1=" " ind2=" ">
   <subfield code="1">PSKLA</subfield>
   <subfield code="3">F196416c</subfield>
   <subfield code="4">N:P</subfield>
   <subfield code="5">3142213507</subfield>
   <subfield code="7">17. vyd., 2007</subfield>
   <subfield code="8">20070918</subfield>
   <subfield code="9">657ŠUB</subfield>
   <subfield code="a">2007</subfield>
   <subfield code="b">2007</subfield>
   <subfield code="f">81</subfield>
   <subfield code="g">13967</subfield>
   <subfield code="h">17. vyd., 2007</subfield>
   <subfield code="l">UEP01</subfield>
   <subfield code="m">BOOK</subfield>
   <subfield code="q">Knihovna Žižkov - sklad</subfield>
   <subfield code="t">na 1 měsíc</subfield>
   <subfield code="u">UEP01</subfield>
   <subfield code="w">20071010</subfield>
  </datafield>
  <datafield tag="996" ind1=" " ind2=" ">
   <subfield code="1">PSKLA</subfield>
   <subfield code="3">F200890b</subfield>
   <subfield code="4">N:P</subfield>
   <subfield code="5">3142226149</subfield>
   <subfield code="7">19. vyd., 2009</subfield>
   <subfield code="8">20090130</subfield>
   <subfield code="9">657ŠUB</subfield>
   <subfield code="a">2009</subfield>
   <subfield code="b">2009</subfield>
   <subfield code="f">81</subfield>
   <subfield code="g">19153</subfield>
   <subfield code="h">19. vyd., 2009</subfield>
   <subfield code="l">UEP01</subfield>
   <subfield code="m">BOOK</subfield>
   <subfield code="q">Knihovna Žižkov - sklad</subfield>
   <subfield code="t">na 1 měsíc</subfield>
   <subfield code="u">UEP01</subfield>
   <subfield code="w">20090211</subfield>
  </datafield>
  <datafield tag="996" ind1=" " ind2=" ">
   <subfield code="1">PSKLA</subfield>
   <subfield code="3">F203816b</subfield>
   <subfield code="4">N:P</subfield>
   <subfield code="5">3142235610</subfield>
   <subfield code="7">20. vyd., 2010</subfield>
   <subfield code="8">20100209</subfield>
   <subfield code="9">657ŠUB</subfield>
   <subfield code="a">2010</subfield>
   <subfield code="b">2010</subfield>
   <subfield code="f">81</subfield>
   <subfield code="g">22943</subfield>
   <subfield code="h">20. vyd., 2010</subfield>
   <subfield code="l">UEP01</subfield>
   <subfield code="m">BOOK</subfield>
   <subfield code="q">Knihovna Žižkov - sklad</subfield>
   <subfield code="t">na 1 měsíc</subfield>
   <subfield code="u">UEP01</subfield>
   <subfield code="w">20100308</subfield>
  </datafield>
  <datafield tag="996" ind1=" " ind2=" ">
   <subfield code="1">PSKLA</subfield>
   <subfield code="3">F207145</subfield>
   <subfield code="4">N:P</subfield>
   <subfield code="5">3142246108</subfield>
   <subfield code="7">21. vyd., 2011</subfield>
   <subfield code="8">20110217</subfield>
   <subfield code="9">657ŠUB</subfield>
   <subfield code="a">2011</subfield>
   <subfield code="b">2011</subfield>
   <subfield code="f">81</subfield>
   <subfield code="g">26800</subfield>
   <subfield code="h">21. vyd., 2011</subfield>
   <subfield code="l">UEP01</subfield>
   <subfield code="m">BOOK</subfield>
   <subfield code="q">Knihovna Žižkov - sklad</subfield>
   <subfield code="t">na 1 měsíc</subfield>
   <subfield code="u">UEP01</subfield>
   <subfield code="w">20110309</subfield>
  </datafield>
  <datafield tag="996" ind1=" " ind2=" ">
   <subfield code="1">PSKLA</subfield>
   <subfield code="3">F210776a</subfield>
   <subfield code="4">N:P</subfield>
   <subfield code="5">3142255541</subfield>
   <subfield code="7">22. vyd., 2012</subfield>
   <subfield code="8">20120228</subfield>
   <subfield code="9">657ŠUB</subfield>
   <subfield code="a">2012</subfield>
   <subfield code="b">2012</subfield>
   <subfield code="f">81</subfield>
   <subfield code="g">30635</subfield>
   <subfield code="h">22. vyd., 2012</subfield>
   <subfield code="l">UEP01</subfield>
   <subfield code="m">BOOK</subfield>
   <subfield code="q">Knihovna Žižkov - sklad</subfield>
   <subfield code="t">na 1 měsíc</subfield>
   <subfield code="u">UEP01</subfield>
   <subfield code="w">20120308</subfield>
  </datafield>
  <datafield tag="996" ind1=" " ind2=" ">
   <subfield code="1">PSKLA</subfield>
   <subfield code="3">F214191a</subfield>
   <subfield code="4">N:P</subfield>
   <subfield code="5">3142263951</subfield>
   <subfield code="7">23. vyd., 2013</subfield>
   <subfield code="8">20130130</subfield>
   <subfield code="9">657ŠUB</subfield>
   <subfield code="a">2013</subfield>
   <subfield code="b">2013</subfield>
   <subfield code="f">81</subfield>
   <subfield code="g">34664</subfield>
   <subfield code="h">23. vyd., 2013</subfield>
   <subfield code="l">UEP01</subfield>
   <subfield code="m">BOOK</subfield>
   <subfield code="q">Knihovna Žižkov - sklad</subfield>
   <subfield code="t">na 1 měsíc</subfield>
   <subfield code="u">UEP01</subfield>
   <subfield code="w">20130218</subfield>
  </datafield>
  <datafield tag="996" ind1=" " ind2=" ">
   <subfield code="1">PSKLA</subfield>
   <subfield code="3">F217102a</subfield>
   <subfield code="4">N:P</subfield>
   <subfield code="5">3142272101</subfield>
   <subfield code="7">24. vyd., 2014</subfield>
   <subfield code="8">20140124</subfield>
   <subfield code="9">657ŠUB</subfield>
   <subfield code="a">2014</subfield>
   <subfield code="b">2014</subfield>
   <subfield code="f">81</subfield>
   <subfield code="g">38217</subfield>
   <subfield code="h">24. vyd., 2014</subfield>
   <subfield code="l">UEP01</subfield>
   <subfield code="m">BOOK</subfield>
   <subfield code="q">Knihovna Žižkov - sklad</subfield>
   <subfield code="t">na 1 měsíc</subfield>
   <subfield code="u">UEP01</subfield>
   <subfield code="w">20140206</subfield>
  </datafield>
  <datafield tag="996" ind1=" " ind2=" ">
   <subfield code="1">PSKLA</subfield>
   <subfield code="3">F217102b</subfield>
   <subfield code="4">N:P</subfield>
   <subfield code="5">3142272102</subfield>
   <subfield code="7">24. vyd., 2014</subfield>
   <subfield code="8">20140124</subfield>
   <subfield code="9">657ŠUB</subfield>
   <subfield code="a">2014</subfield>
   <subfield code="b">2014</subfield>
   <subfield code="f">81</subfield>
   <subfield code="g">38217</subfield>
   <subfield code="h">24. vyd., 2014</subfield>
   <subfield code="l">UEP01</subfield>
   <subfield code="m">BOOK</subfield>
   <subfield code="q">Knihovna Žižkov - sklad</subfield>
   <subfield code="t">na 1 měsíc</subfield>
   <subfield code="u">UEP01</subfield>
   <subfield code="w">20140206</subfield>
  </datafield>
  <datafield tag="996" ind1=" " ind2=" ">
   <subfield code="1">PSKLA</subfield>
   <subfield code="3">F217102d</subfield>
   <subfield code="4">N:P</subfield>
   <subfield code="5">3142274758</subfield>
   <subfield code="7">24. vyd., 2014</subfield>
   <subfield code="8">20140520</subfield>
   <subfield code="9">657ŠUB</subfield>
   <subfield code="a">2014</subfield>
   <subfield code="b">2014</subfield>
   <subfield code="f">81</subfield>
   <subfield code="g">39122</subfield>
   <subfield code="h">24. vyd., 2014</subfield>
   <subfield code="l">UEP01</subfield>
   <subfield code="m">BOOK</subfield>
   <subfield code="q">Knihovna Žižkov - sklad</subfield>
   <subfield code="t">na 1 měsíc</subfield>
   <subfield code="u">UEP01</subfield>
   <subfield code="w">20140520</subfield>
  </datafield>
  <datafield tag="996" ind1=" " ind2=" ">
   <subfield code="1">PSKLA</subfield>
   <subfield code="3">F220165a</subfield>
   <subfield code="4">N:P</subfield>
   <subfield code="5">3142280195</subfield>
   <subfield code="7">25. vyd., 2015</subfield>
   <subfield code="8">20150204</subfield>
   <subfield code="9">657ŠUB</subfield>
   <subfield code="a">2015</subfield>
   <subfield code="b">2015</subfield>
   <subfield code="f">81</subfield>
   <subfield code="g">41421</subfield>
   <subfield code="h">25. vyd., 2015</subfield>
   <subfield code="l">UEP01</subfield>
   <subfield code="m">BOOK</subfield>
   <subfield code="q">Knihovna Žižkov - sklad</subfield>
   <subfield code="t">na 1 měsíc</subfield>
   <subfield code="u">UEP01</subfield>
   <subfield code="w">20150210</subfield>
  </datafield>
  <datafield tag="996" ind1=" " ind2=" ">
   <subfield code="1">PSKLA</subfield>
   <subfield code="3">F220165b</subfield>
   <subfield code="4">N:P</subfield>
   <subfield code="5">3142280196</subfield>
   <subfield code="7">25. vyd., 2015</subfield>
   <subfield code="8">20150204</subfield>
   <subfield code="9">657ŠUB</subfield>
   <subfield code="a">2015</subfield>
   <subfield code="b">2015</subfield>
   <subfield code="f">81</subfield>
   <subfield code="g">41421</subfield>
   <subfield code="h">25. vyd., 2015</subfield>
   <subfield code="l">UEP01</subfield>
   <subfield code="m">BOOK</subfield>
   <subfield code="q">Knihovna Žižkov - sklad</subfield>
   <subfield code="t">na 1 měsíc</subfield>
   <subfield code="u">UEP01</subfield>
   <subfield code="w">20150210</subfield>
  </datafield>
  <datafield tag="996" ind1=" " ind2=" ">
   <subfield code="1">PSKLA</subfield>
   <subfield code="3">F223039a</subfield>
   <subfield code="4">N:P</subfield>
   <subfield code="5">3142287936</subfield>
   <subfield code="7">26. vyd., 2016</subfield>
   <subfield code="8">20160222</subfield>
   <subfield code="9">657ŠUB</subfield>
   <subfield code="a">2016</subfield>
   <subfield code="b">2016</subfield>
   <subfield code="f">81</subfield>
   <subfield code="g">44159</subfield>
   <subfield code="h">26. vyd., 2016</subfield>
   <subfield code="l">UEP01</subfield>
   <subfield code="m">BOOK</subfield>
   <subfield code="q">Knihovna Žižkov - sklad</subfield>
   <subfield code="t">na 1 měsíc</subfield>
   <subfield code="u">UEP01</subfield>
   <subfield code="w">20160222</subfield>
  </datafield>
  <datafield tag="996" ind1=" " ind2=" ">
   <subfield code="1">PSKLA</subfield>
   <subfield code="3">F223039b</subfield>
   <subfield code="4">N:P</subfield>
   <subfield code="5">3142287937</subfield>
   <subfield code="7">26. vyd., 2016</subfield>
   <subfield code="8">20160222</subfield>
   <subfield code="9">657ŠUB</subfield>
   <subfield code="a">2016</subfield>
   <subfield code="b">2016</subfield>
   <subfield code="f">81</subfield>
   <subfield code="g">44159</subfield>
   <subfield code="h">26. vyd., 2016</subfield>
   <subfield code="l">UEP01</subfield>
   <subfield code="m">BOOK</subfield>
   <subfield code="q">Knihovna Žižkov - sklad</subfield>
   <subfield code="t">na 1 měsíc</subfield>
   <subfield code="u">UEP01</subfield>
   <subfield code="w">20160222</subfield>
  </datafield>
  <datafield tag="996" ind1=" " ind2=" ">
   <subfield code="1">PSKLA</subfield>
   <subfield code="3">F225160a</subfield>
   <subfield code="4">N:P</subfield>
   <subfield code="5">3142295056</subfield>
   <subfield code="7">27. vyd., 2017</subfield>
   <subfield code="8">20170209</subfield>
   <subfield code="9">657ŠUB</subfield>
   <subfield code="a">2017</subfield>
   <subfield code="b">2017</subfield>
   <subfield code="f">81</subfield>
   <subfield code="g">46449</subfield>
   <subfield code="h">27. vyd., 2017</subfield>
   <subfield code="l">UEP01</subfield>
   <subfield code="m">BOOK</subfield>
   <subfield code="q">Knihovna Žižkov - sklad</subfield>
   <subfield code="t">na 1 měsíc</subfield>
   <subfield code="u">UEP01</subfield>
   <subfield code="w">20170227</subfield>
  </datafield>
  <datafield tag="996" ind1=" " ind2=" ">
   <subfield code="1">PSKLA</subfield>
   <subfield code="3">F225160b</subfield>
   <subfield code="4">N:P</subfield>
   <subfield code="5">3142295057</subfield>
   <subfield code="7">27. vyd., 2017</subfield>
   <subfield code="8">20170209</subfield>
   <subfield code="9">657ŠUB</subfield>
   <subfield code="a">2017</subfield>
   <subfield code="b">2017</subfield>
   <subfield code="f">81</subfield>
   <subfield code="g">46449</subfield>
   <subfield code="h">27. vyd., 2017</subfield>
   <subfield code="l">UEP01</subfield>
   <subfield code="m">BOOK</subfield>
   <subfield code="q">Knihovna Žižkov - sklad</subfield>
   <subfield code="t">na 1 měsíc</subfield>
   <subfield code="u">UEP01</subfield>
   <subfield code="w">20170227</subfield>
  </datafield>
  <datafield tag="996" ind1=" " ind2=" ">
   <subfield code="1">PSKLA</subfield>
   <subfield code="3">F227385a</subfield>
   <subfield code="4">N:P</subfield>
   <subfield code="5">3142311817</subfield>
   <subfield code="7">28. vyd., 2018</subfield>
   <subfield code="8">20180301</subfield>
   <subfield code="9">657ŠUB</subfield>
   <subfield code="a">2018</subfield>
   <subfield code="b">2018</subfield>
   <subfield code="f">81</subfield>
   <subfield code="g">48630</subfield>
   <subfield code="h">28. vyd., 2018</subfield>
   <subfield code="l">UEP01</subfield>
   <subfield code="m">BOOK</subfield>
   <subfield code="q">Knihovna Žižkov - sklad</subfield>
   <subfield code="t">na 1 měsíc</subfield>
   <subfield code="u">UEP01</subfield>
   <subfield code="w">20180309</subfield>
  </datafield>
  <datafield tag="996" ind1=" " ind2=" ">
   <subfield code="1">PSKLA</subfield>
   <subfield code="3">F228898a</subfield>
   <subfield code="4">N:P</subfield>
   <subfield code="5">3142324607</subfield>
   <subfield code="7">29. vyd., 2019</subfield>
   <subfield code="8">20190208</subfield>
   <subfield code="9">657ŠUB</subfield>
   <subfield code="a">2019</subfield>
   <subfield code="b">2019</subfield>
   <subfield code="f">81</subfield>
   <subfield code="g">50471</subfield>
   <subfield code="h">29. vyd., 2019</subfield>
   <subfield code="l">UEP01</subfield>
   <subfield code="m">BOOK</subfield>
   <subfield code="q">Knihovna Žižkov - sklad</subfield>
   <subfield code="t">na 1 měsíc</subfield>
   <subfield code="u">UEP01</subfield>
   <subfield code="w">20190214</subfield>
  </datafield>
  <datafield tag="996" ind1=" " ind2=" ">
   <subfield code="1">PSKLA</subfield>
   <subfield code="3">F230857a</subfield>
   <subfield code="4">N:P</subfield>
   <subfield code="5">3142337764</subfield>
   <subfield code="7">30. vyd., 2020</subfield>
   <subfield code="8">20200220</subfield>
   <subfield code="9">657ŠUB</subfield>
   <subfield code="a">2020</subfield>
   <subfield code="b">2020</subfield>
   <subfield code="f">81</subfield>
   <subfield code="g">52806</subfield>
   <subfield code="h">30. vyd., 2020</subfield>
   <subfield code="l">UEP01</subfield>
   <subfield code="m">BOOK</subfield>
   <subfield code="q">Knihovna Žižkov - sklad</subfield>
   <subfield code="t">na 1 měsíc</subfield>
   <subfield code="u">UEP01</subfield>
   <subfield code="w">20200306</subfield>
  </datafield>
  <datafield tag="996" ind1=" " ind2=" ">
   <subfield code="1">PSKLA</subfield>
   <subfield code="3">F232741a</subfield>
   <subfield code="4">N:P</subfield>
   <subfield code="5">3142349131</subfield>
   <subfield code="7">31. vyd., 2021</subfield>
   <subfield code="8">20210312</subfield>
   <subfield code="9">657ŠUB</subfield>
   <subfield code="a">2021</subfield>
   <subfield code="b">2021</subfield>
   <subfield code="f">81</subfield>
   <subfield code="g">55323</subfield>
   <subfield code="h">31. vyd., 2021</subfield>
   <subfield code="l">UEP01</subfield>
   <subfield code="m">BOOK</subfield>
   <subfield code="q">Knihovna Žižkov - sklad</subfield>
   <subfield code="t">na 1 měsíc</subfield>
   <subfield code="u">UEP01</subfield>
   <subfield code="w">20210323</subfield>
  </datafield>
  <datafield tag="996" ind1=" " ind2=" ">
   <subfield code="1">PSKLA</subfield>
   <subfield code="3">F234449a</subfield>
   <subfield code="4">N:P</subfield>
   <subfield code="5">3142358135</subfield>
   <subfield code="7">32. vyd., 2022</subfield>
   <subfield code="8">20220216</subfield>
   <subfield code="9">657ŠUB</subfield>
   <subfield code="a">2022</subfield>
   <subfield code="b">2022</subfield>
   <subfield code="f">81</subfield>
   <subfield code="g">57181</subfield>
   <subfield code="h">32. vyd., 2022</subfield>
   <subfield code="l">UEP01</subfield>
   <subfield code="m">BOOK</subfield>
   <subfield code="q">Knihovna Žižkov - sklad</subfield>
   <subfield code="t">na 1 měsíc</subfield>
   <subfield code="u">UEP01</subfield>
   <subfield code="w">20220218</subfield>
  </datafield>
  <datafield tag="996" ind1=" " ind2=" ">
   <subfield code="1">PSKLA</subfield>
   <subfield code="3">F234449b</subfield>
   <subfield code="4">N:P</subfield>
   <subfield code="5">3142360588</subfield>
   <subfield code="7">32. vyd., 2022</subfield>
   <subfield code="8">20220216</subfield>
   <subfield code="9">657ŠUB</subfield>
   <subfield code="a">2022</subfield>
   <subfield code="b">2022</subfield>
   <subfield code="f">81</subfield>
   <subfield code="g">57181</subfield>
   <subfield code="h">32. vyd., 2022</subfield>
   <subfield code="l">UEP01</subfield>
   <subfield code="m">BOOK</subfield>
   <subfield code="q">Knihovna Žižkov - sklad</subfield>
   <subfield code="t">na 1 měsíc</subfield>
   <subfield code="u">UEP01</subfield>
   <subfield code="w">20220721</subfield>
  </datafield>
  <datafield tag="996" ind1=" " ind2=" ">
   <subfield code="1">PSTUD</subfield>
   <subfield code="3">F232741</subfield>
   <subfield code="4">N:P</subfield>
   <subfield code="5">3142349130</subfield>
   <subfield code="7">31. vyd., 2021</subfield>
   <subfield code="8">20210312</subfield>
   <subfield code="9">657ŠUB</subfield>
   <subfield code="a">2021</subfield>
   <subfield code="b">2021</subfield>
   <subfield code="f">81</subfield>
   <subfield code="g">55323</subfield>
   <subfield code="h">31. vyd., 2021</subfield>
   <subfield code="l">UEP01</subfield>
   <subfield code="m">BOOK</subfield>
   <subfield code="q">Studovna Žižkov</subfield>
   <subfield code="t">na 1 měsíc</subfield>
   <subfield code="u">UEP01</subfield>
   <subfield code="w">20210407</subfield>
  </datafield>
  <datafield tag="996" ind1=" " ind2=" ">
   <subfield code="1">PSTUD</subfield>
   <subfield code="3">F234449</subfield>
   <subfield code="4">N:P</subfield>
   <subfield code="5">3142358134</subfield>
   <subfield code="7">32. vyd., 2022</subfield>
   <subfield code="8">20220216</subfield>
   <subfield code="9">657ŠUB</subfield>
   <subfield code="a">2022</subfield>
   <subfield code="b">2022</subfield>
   <subfield code="f">81</subfield>
   <subfield code="g">57181</subfield>
   <subfield code="h">32. vyd., 2022</subfield>
   <subfield code="l">UEP01</subfield>
   <subfield code="m">BOOK</subfield>
   <subfield code="q">Studovna Žižkov</subfield>
   <subfield code="t">na 1 měsíc</subfield>
   <subfield code="u">UEP01</subfield>
   <subfield code="w">20220224</subfield>
  </datafield>
  <datafield tag="996" ind1=" " ind2=" ">
   <subfield code="1">PSTUD</subfield>
   <subfield code="3">F236241</subfield>
   <subfield code="4">N:P</subfield>
   <subfield code="5">3142363613</subfield>
   <subfield code="7">33. vyd., 2023</subfield>
   <subfield code="8">20230130</subfield>
   <subfield code="9">657ŠUB</subfield>
   <subfield code="a">2023</subfield>
   <subfield code="b">2023</subfield>
   <subfield code="f">81</subfield>
   <subfield code="g">58928</subfield>
   <subfield code="h">33. vyd., 2023</subfield>
   <subfield code="l">UEP01</subfield>
   <subfield code="m">BOOK</subfield>
   <subfield code="q">Studovna Žižkov</subfield>
   <subfield code="t">na 1 měsíc</subfield>
   <subfield code="u">UEP01</subfield>
   <subfield code="w">20230220</subfield>
  </datafield>
  <datafield tag="996" ind1=" " ind2=" ">
   <subfield code="1">PSTUD</subfield>
   <subfield code="3">F236241a</subfield>
   <subfield code="4">N:P</subfield>
   <subfield code="5">3142366130</subfield>
   <subfield code="7">33. vyd., 2023</subfield>
   <subfield code="8">20230824</subfield>
   <subfield code="9">657ŠUB</subfield>
   <subfield code="a">2023</subfield>
   <subfield code="b">2023</subfield>
   <subfield code="f">81</subfield>
   <subfield code="g">59679</subfield>
   <subfield code="h">33. vyd., 2023</subfield>
   <subfield code="l">UEP01</subfield>
   <subfield code="m">BOOK</subfield>
   <subfield code="q">Studovna Žižkov</subfield>
   <subfield code="t">na 1 měsíc</subfield>
   <subfield code="u">UEP01</subfield>
   <subfield code="w">20230831</subfield>
  </datafield>
  <datafield tag="996" ind1=" " ind2=" ">
   <subfield code="1">PSTUD</subfield>
   <subfield code="3">F237343</subfield>
   <subfield code="4">N:P</subfield>
   <subfield code="5">3142368513</subfield>
   <subfield code="7">34. vyd., 2024</subfield>
   <subfield code="8">20240215</subfield>
   <subfield code="9">657ŠUB</subfield>
   <subfield code="a">2024</subfield>
   <subfield code="b">2024</subfield>
   <subfield code="f">81</subfield>
   <subfield code="g">60378</subfield>
   <subfield code="h">34. vyd., 2024</subfield>
   <subfield code="l">UEP01</subfield>
   <subfield code="m">BOOK</subfield>
   <subfield code="q">Studovna Žižkov</subfield>
   <subfield code="t">na 1 měsíc</subfield>
   <subfield code="u">UEP01</subfield>
   <subfield code="w">20240226</subfield>
  </datafield>
  <datafield tag="996" ind1=" " ind2=" ">
   <subfield code="1">PSTUD</subfield>
   <subfield code="3">F238343</subfield>
   <subfield code="4">N:P</subfield>
   <subfield code="5">3142373833</subfield>
   <subfield code="7">35. vyd., 2025</subfield>
   <subfield code="8">20250228</subfield>
   <subfield code="9">657ŠUB</subfield>
   <subfield code="b">2025</subfield>
   <subfield code="f">81</subfield>
   <subfield code="g">61672</subfield>
   <subfield code="h">35. vyd., 2025</subfield>
   <subfield code="l">UEP01</subfield>
   <subfield code="m">BOOK</subfield>
   <subfield code="q">Studovna Žižkov</subfield>
   <subfield code="t">na 1 měsíc</subfield>
   <subfield code="u">UEP01</subfield>
   <subfield code="w">20250324</subfield>
  </datafield>
  <datafield tag="996" ind1=" " ind2=" ">
   <subfield code="1">PSTUD</subfield>
   <subfield code="3">F239473</subfield>
   <subfield code="4">N:P</subfield>
   <subfield code="5">3142378069</subfield>
   <subfield code="7">36. vyd., 2026</subfield>
   <subfield code="8">20260306</subfield>
   <subfield code="9">657ŠUB</subfield>
   <subfield code="b">2026</subfield>
   <subfield code="f">81</subfield>
   <subfield code="g">63031</subfield>
   <subfield code="h">36. vyd., 2026</subfield>
   <subfield code="l">UEP01</subfield>
   <subfield code="m">BOOK</subfield>
   <subfield code="q">Studovna Žižkov</subfield>
   <subfield code="t">na 1 měsíc</subfield>
   <subfield code="u">UEP01</subfield>
   <subfield code="w">20260331</subfield>
  </datafield>
 </record>
</collection>
